Derecho mercantil
Uloženo v:
| Hlavní autoři: | , |
|---|---|
| Médium: | Kniha |
| Jazyk: | španělština |
| Vydáno: |
Madrid
Marcial Pons
2013
|
| Vydání: | 15a. ed |
| Témata: | |
| Tagy: |
Přidat tag
Žádné tagy, Buďte první, kdo vytvoří štítek k tomuto záznamu!
|
MARC
| LEADER | 00000cam a2200000 a 4500 | ||
|---|---|---|---|
| 001 | UCE2952 | ||
| 003 | CL-VaPUC | ||
| 008 | 140807e20130000sp |||||||||||||||||spa|d | ||
| 020 | |a 9788415948087o.c | ||
| 020 | |a 9788415948094v.4 | ||
| 020 | |a 9788415948490v.6 | ||
| 082 | 0 | 4 | |a 346.4607 |b JIM |2 21 |
| 100 | |a Jiménez Sánchez, Guillermo J |e author |9 575477 | ||
| 700 | 0 | |a Díaz Moreno, Alberto |e author |9 575478 | |
| 245 | 1 | 0 | |a Derecho mercantil |
| 250 | |a 15a. ed | ||
| 300 | |a v | ||
| 942 | |c BK | ||
| 945 | |d 20140807 14:45:00 |a dcastane | ||
| 260 | |a Madrid |b Marcial Pons |c 2013 | ||
| 500 | |a v.4: títulos-valores y otros instrumentos de tráfico empresarial | ||
| 500 | |a v.6: contratación en el mercado de valores | ||
| 650 | 7 | |a DERECHO MERCANTIL ESPAÑOL |2 CL-VaPUC |9 575479 | |
| 650 | 0 | |a Fuentes del derecho |9 255162 | |
| 650 | 0 | |a Derecho internacional privado |9 256361 | |
| 583 | |a last modification |c 20140807 14:45:00 |k Rodrigo Vera | ||
| 999 | |c 356466 |d 356464 | ||
| 952 | |0 0 |1 0 |3 erb |4 0 |6 346_460700000000000_JIM_2013 |7 0 |8 A |9 463816 |a BIBDER |b BIBDER |h v.4 |i 5093465 |o 346.4607 JIM 2013 |p 5093465 |r 2019-11-23 |w 2019-11-23 |y BK |z Catalogado en:20140807 |k DER | ||
| 952 | |0 0 |1 0 |3 erb |4 0 |6 346_460700000000000_JIM_2013 |7 0 |8 A |9 463817 |a BIBDER |b BIBDER |h v.6 |i 5093473 |o 346.4607 JIM 2013 |p 5093473 |r 2019-11-23 |w 2019-11-23 |y BK |z Catalogado en:20140807 |k DER | ||